| 000 | 00614nam a2200229 4500 | ||
|---|---|---|---|
| 008 | |||
| 090 |
_aNA8348 _bBAK |
||
| 100 | 1 | _aBaker, Geoffrey Harold. | |
| 245 | 1 | 0 |
_aParking / _cGeoffrey Baker & Bruno Funaro. |
| 260 |
_aNew York : _bReinhold, _cc1958. |
||
| 300 |
_a202 p. : _bill. ; _c27 cm. |
||
| 500 | _aIncludes index. | ||
| 650 | 0 | _aGarages. | |
| 650 | 0 | _aAutomobile parking. | |
| 700 | 1 | _aFunaro, Bruno. | |
| 907 |
_a.b10191033 _b16-08-11 _c08-02-06 |
||
| 003 | |||
| 005 | 20230120131029.0 | ||
| 040 | _cNUST | ||
| 049 | _aMAIN | ||
| 942 |
_cBOOKS _kNA8348 _mBAK |
||
| 999 |
_c95601 _d95601 |
||